Famous Outlaws of the Wild West - Statistics

General Stats
  • This quiz has been taken 55 times
  • The average score is 7 of 100
Answer Stats
Hint Answer % Correct
Famous outlaw & gunslinger; Said to have killed 21 men by age 21 Henry McCarty / Billy the Kid
77%
Infamous outlaw, train & bank robber; Led the James-Younger Gang Jesse Woodson James
72%
Closest friend of Butch Cassidy; Infamous outlaw, train & bank robber Harry Longabaugh / Sundance Kid
60%
Infamous train & bank robber; Led his own gang ___ ___'s Wild Bunch Robert Parker / Butch Cassidy
60%
Older brother of Jesse James; Infamous outlaw, alongside his brother Alexander Franklin James
33%
Elected Sheriff of Bannack, ID; Leader of the gang, the Innocents Henry Plummer
33%
Outlaw, gunslinger & controversial folk icon; Said to have killed 42 men John Wesley Hardin
23%
Member of The Cowboys; Present at the O.K. Corral gunfight Joseph Isaac "Ike" Clanton
23%
Member of the Dalton Gang, a gang of brothers in Indian Territory Emmett Dalton
21%
Outlaw as a younger man; Later became a lawman, soldier & folk hero James Butler "Wild Bill" Hickok
21%
Member of the James-Younger Gang; Assassinated Jesse James Robert Newton Ford
19%
Notorious Native American Renegade; Disappeared in 1889 Haskay-bay-nay-ntayl / Apache Kid
16%
Infamous outlaw, train & bank robber; Co-led the James-Younger Gang Thomas Coleman "Cole" Younger
16%
Member of the James-Younger Gang; Brother of Cole, John & Bob James Hardin "Jim" Younger
14%
Outlaw; Founder & leader of the ___ _____ Gang, in New Mexico John Kinney
14%
Member of the Cowboys; Well-known gunslinger; Rival of Doc Holliday Johnny Ringo
14%
Woman outlaw & horse thief; Known for her violent ambush & death Myra Maybelle "Belle" Starr
14%
Member of The Cowboys; Brother of Ike; Killed at the O.K. Corral William Harrison "Billy" Clanton
14%
Member of the James-Younger Gang; Brother of Cole, Jim & Bob John Harrison "John" Younger
12%
Infamous Mountain man, gunfighter, serial killer, and cannibal Levi Boone Helm / Kentucky Cannibal
12%
Member of the Cowboys; Rival of, and killed by, Marshal Wyatt Earp William "Curly Bill" Brocius
12%
Trained under George Curry; Member of Butch Cassidy's Wild Bunch Harvey Logan / Kid Curry
9%
Member of the Dalton Gang, a gang of brothers in Indian Territory Robert Rennick "Bob" Dalton
9%
Outlaw known for leaving behind poetic messages after robberies Charles E. Boles / Black Bart
7%
Member of the James-Younger Gang; Older brother of Robert Ford Charles Wilson Ford
7%
Outlaw, gunman & leader of his own gang; Disappeared in 1882 Jesse Evans
7%
Member of the James-Younger Gang; Brother of Cole, Jim & John Robert Ewing "Bob" Younger
7%
Train and Bank Robber; Member of Butch Cassidy's Wild Bunch Ben Kilpatrick / Tall Texan
5%
Mixed American outlaw; Killed 8 men, including his brother-in-law Crawford "Cherokee Bill" Goldsby
5%
Mentor to Harvey Logan; Member of Butch Cassidy's Wild Bunch George "Flat-Nose" Curry
5%
Outlaw & train robber; Formed gang w/ Alvord, Stiles & Downing Jack "Three Fingered" Dunlop
5%
Former lawman; Led Selman's Scouts; Killed John Wesley Hardin John Selman
5%
Member of the James-Younger Gang; Shot by fellow gang members Robert Woodson "Wood" Hite
5%
Outlaw & gang leader; Robbed a train $60,000 in newly minted gold Samuel "Sam" Bass
5%
Outlaw & ruthless gunfighter; Considered one of deadliest gunfighters William Preston Longley
5%
Outlaw & train robber; Formed gang w/ Dunlop, Stiles & Downing Albert "Burt" Alvord
2%
Member of the Henry Plummer's gang; Notable "road agent" Aleck Carter
2%
Member of the Henry Plummer's gang; Notable "road agent" Buck Stinson
2%
Member of the Henry Plummer's gang; Had a deformed foot "Clubfoot" George Lane
2%
Cowboy, outlaw & gunfighter; Knew many of the Wild West icons David Rudabaugh
2%
Member of the Henry Plummer's gang; Notable "road agent" "Dutch John" Wagner
2%
Member of the Cowboys; Native American member of the gang Florentino "Indian Charlie" Cruz
2%
Member of the Cowboys; Briefly the deputy sheriff of Tombstone Frank C. Stilwell
2%
Member of The Cowboys; He & his brother were killed at O.K. Corral Frank McLaury
2%
1st member of the Doolin-Dalton Gang; Called "too wild" by Bob Dalton George "Bitter Creek" Newcomb
2%
Member of the Dalton Gang, a gang of brothers in Indian Territory Gratton Hanley "Grat" Dalton
2%
Member of the Henry Plummer's gang; Snitched on by Boone Helm Jack "Three-Fingered" Gallagher
2%
Famous outlaw known for his good looks; Shot during botched robbery Marion Columbus Hedgepeth
2%
Member of the Henry Plummer's gang; Notable "road agent" Ned Ray
2%
Gang carried out the 1st three peacetime train robberies in U.S. history Reno Gang / The Jackson Thieves
2%
Physician; First outlaw to organize a stagecoach robbery in the US Thomas J. Hodges / Tom Bell
2%
Member of The Cowboys; He & his brother were killed at O.K. Corral Tom McLaury
2%
Outlaw & founder of the Wild Bunch, aka the Doolin-Dalton Gang William "Bill" Doolin
2%
Outlaw & train robber; Formed gang w/ Alvord, Dunlop, & Downing William Larkin "Billy" Stiles
2%
Member of the Dalton Gang, a gang of brothers in Indian Territory William Marion "Bill" Dalton
2%
Butch Cassidy's Wild Bunch; Liked to see his name in the newspaper William "News" Carver
2%
Outlaw & cattle rustler; Claimed to be of Russian Noble birth William "Russian Bill" Tattenbaum
2%
Member of the Henry Plummer's gang; Notable "road agent" Bill Bunton
0%
Member of the Doolin-Dalton Gang; Sentenced to 10 years in prison Bill "Little Bill" Raidler
0%
Member of the Henry Plummer's gang; Notable "road agent" Bob Zachary
0%
Member of the Cowboys; Not tried (lack of evidence) in Virgil Earp case Charles "Pony Diehl" Ray
0%
Member of the Doolin-Dalton Gang; Killed alongside "Bitter Creek" Charley Pierce
0%
Member of the Doolin-Dalton Gang; Safecracker for the gang Dan Clifton / Dynamite Dan
0%
Gunfighter and occasional criminal; Known for his taciturn personality David Allen "Mysterious Dave" Mather
0%
Outlaw who rode with Billy the Kid following the Lincoln County War David L. Anderson / Billy Wilson
0%
Member of the Henry Plummer's gang; Notable "road agent" Erastus "Red" Yeager
0%
Outlaw gang in California led by five men who all have same 1st name Five Joaquins Gang
0%
Member of the Henry Plummer's gang; Notable "road agent" Frank Parish
0%
Member of the Henry Plummer's gang; Notable "road agent" George Brown
0%
Member of the Henry Plummer's gang; Notable "road agent" George Ives
0%
Outlaw & cattle rustler; His skin was made into pair of shoes after death George Parrott / Big Nose George
0%
Member of the Doolin-Dalton Gang; Tracked down & killed by lawmen George "Red Buck" Weightman
0%
Member of the Cowboys; Stagecoach robber and cattle rustler Harry Head / Harry the Kid
0%
Outlaw gang that mostly operated in Arizona Territory and Mexico Jack Taylor Gang
0%
Member of the James-Younger Gang; Friend of Robert Ford James Andrew "Dick" Liddil
0%
Outlaw and title-holder gunfighter; Lynched in Ada, Oklahoma James "Jim" Brown Miller
0%
Man who shot "Wild Bill" Hickok in the back of the head; Hanged John "Crooked Nose" McCall
0%
Member of the Hole-in-the-Wall Gang; He simply faded from history "Laughing" Sam Carey
0%
Female in Butch Cassidy's Wild Bunch; Romantic with Tall Texan Laura Bullion
0%
1 of Lake County, CA's most notorious thieves and stagecoach robbers Lawrence Buchanen "Buck" English
0%
Father of the 4 Clanton sons; Outlaw & cattle rancher; Killed in ambush Newman Haynes "Old Man" Clanton
0%
Member of the Doolin-Dalton Gang; First member of the gang to die Oliver "Ol" Yantis
0%
Member of the Cowboys; Suspected assassin of Morgan Earp Pete Spence
0%
Member of The Cowboys; Brother of Ike and Billy Clanton Phineas Fay Clanton
0%
Native American Outlaw; First mass murderer in the state of Nevada Queho
0%
Outlaw & train robber; One of the most hunted men since Jesse James Reuben Houston "Rube" Burrow
0%
Member of the Doolin-Dalton Gang; Tracked down & killed by lawmen Richard "Little Dick" West
0%
Outlaw & member of the John Kinney Gang; Killed by Selman's Scouts Roscoe "Rustling Bob" Bryant
0%
Member of the Doolin-Dalton Gang; Last surviving member of the gang Roy Daugherty / Arkansas Tom Jones
0%
Little-known though well-associated gunfighter and outlaw "Shotgun" John Collins
0%
Member of the Henry Plummer's gang; Notable "road agent" Steve Marshland
0%
Serial Mexican bandit in CA; Known for his coolness during robberies Sylvestro "Pedro" Morales
0%
Outlaw & Train Robber; Botched execution: had to be decapitated Tom "Black Jack" Ketchum
0%
Member of the Hole-in-the-Wall Gang; Picture in the gang's wiki page Tom O'Day
0%
Member of the Henry Plummer's gang; Notable "road agent" "Whiskey Bill" Graves
0%
Member of The Cowboys; Ran away from the O.K. Corral gunfight William "Billy" Claiborne
0%
Outlaw during the closing days of Old West; Had "lost treasure" in AZ William E. "Bronco Bill" Walters
0%
Infamous outlaw; Helped co-lead the gang, Butch Cassidy's Wild Bunch William Ellsworth "Elzy" Lay
0%
Outlaw & train robber; Formed gang w/ Alvord, Dunlop, & Stiles William F. "Bill" Downing
0%
Member of the Doolin-Dalton Gang; Death marked beginning of the end William "Tulsa Jack" Blake
0%
No matching quizzes found
Score Distribution
Percent of People with Each Score
Percentile by Number Answered
Your Score History
You have not taken this quiz